Score 0/29 Timer 10:00
5 Plays Today
% Correct
Maple Leaf
87.3%
Italy
86.9%
Estonia and Latvia
86.5%
Taiwan
85.6%
Henry VIII
84.2%
Argentina
84.1%
Kim Jong-il
83.8%
Hinduism
83.7%
Malcolm X
82.5%
Japan
78.9%
Dominican Republic
78.5%
Colin Powell
76.8%
Norway and Denmark
74.7%
Galileo Galilei
74.5%
Ottoman Empire
72.7%
% Correct
South Africa
72.3%
Wales
71.8%
England
69.8%
Benedict XVI
68.4%
San Antonio
66.8%
John Quincy Adams
61.3%
Russian Empire
56.3%
Tennessee Williams
54.4%
Gone with the Wind
54.2%
Chechen Republic of Ichkeria
52.2%
Baghdad
51.7%
Aaron Burr
47.4%
York
36.3%
Émile Zola
24.1%
Remove Ads.
Support Sporcle.
Get the best of Sporcle when you Go Orange. This ad-free experience offers more features, more stats, and more fun while also helping to support Sporcle. Thank you for becoming a member.

You're not logged in!

Compare scores with friends on all Sporcle quizzes.
OR
Log In

Show Comments

Extras

Top Quizzes Today


Score Distribution

Your Account Isn't Verified!

In order to create a playlist on Sporcle, you need to verify the email address you used during registration. Go to your Sporcle Settings to finish the process.

Report this User

Report this user for behavior that violates our Community Guidelines.

Details: